Going places The write stuff a special literary issue on Malaysia

Đã lưu trong:
Sonraí Bibleagrafaíochta
Formáid: Leabhar
Teanga:Undetermined
Foilsithe: 1999
Clibeanna: Cuir Clib Leis
Gan Chlibeanna, Bí ar an gcéad duine leis an taifead seo a chlibeáil!
Thư viện lưu trữ: Trung tâm Học liệu Trường Đại học Cần Thơ
LEADER 00397nam a2200133Ia 4500
001 CTU_34256
008 210402s9999 xx 000 0 und d
082 |a 306.2 
082 |b G615 
245 0 |a Going places 
245 4 |b The write stuff a special literary issue on Malaysia 
260 |c 1999 
904 |i Nguyễn Quang Điền, 991130 
980 |a Trung tâm Học liệu Trường Đại học Cần Thơ